[Event "EU-ch 19th"]
[Site "Batumi"]
[Date "2018.03.25"]
[Round "8"]
[White "Zhigalko, Sergei"]
[Black "Golubov, Saveliy"]
[Result "1-0"]
[WhiteElo "2625"]
[BlackElo "2495"]
[Annotator "Mokal,P"]
[PlyCount "157"]
[EventDate "2018.03.17"]
[EventType "swiss"]
[EventRounds "11"]
[EventCountry "GEO"]
[SourceTitle "CBM 184"]
[Source "ChessBase"]
[SourceDate "2018.05.16"]
[SourceVersion "1"]
[SourceVersionDate "2018.05.16"]
[SourceQuality "1"]

1. e4 c5 2. Nf3 e6 3. d4 d5 {This sideline allows White to develop quickly.} 4.
exd5 exd5 5. Bb5+ Nc6 6. O-O Nf6 7. c4 ({Another good option is} 7. Re1+ $5 Be7
8. Ne5 Bd7 9. Bxc6 bxc6 10. dxc5 O-O 11. Be3 $14 {1-0 (22) Pecheritsa,V (2300)
-Tropin,A (2052) Saratov 2006}) 7... a6 $6 {The pawn moves do not really help
Black to catch up with his development. It was preferable to get one of the
bishops out to the e-file.} (7... dxc4 $6 8. Ne5 Bd7 9. Bxc4 Be6 10. Nxc6 (10.
Bxe6 fxe6 11. Qb3 $5) 10... bxc6 11. Bxe6 fxe6 $14 {1-0 (30) Bagrationi,A 
(2485)-Shershakov,D (2226) Dombay 2014}) (7... Be7 $5 8. cxd5 (8. dxc5 O-O (
8... Bxc5 9. Nc3 $36) 9. Be3 $14) 8... Nxd5 9. Ne5 $14) (7... Be6 8. Nc3 Be7 9.
dxc5 (9. cxd5 Nxd5 10. Ne4 cxd4 11. Nxd4 Bd7) 9... O-O 10. Be3 dxc4 11. Ng5 $14
) 8. Bxc6+ bxc6 9. Qa4 {White continues to use his time well and and keeps
Black occupied with constant threats.} ({Another good option was the one
played in a previous game} 9. cxd5 $5 cxd5 (9... Nxd5 10. Qa4 Bd7 11. Nc3 $16
Nxc3 12. bxc3 cxd4 (12... Be7 13. dxc5 O-O 14. Be3 $16) 13. Bg5 Be7 14. Bxe7
$18) 10. Re1+ Be7 11. Ne5 Be6 (11... O-O $2 12. Nc6 $18) (11... Bb7 12. Qa4+
$16 (12. dxc5 $16)) 12. Nc6 Qd7 13. Nxe7 Qxe7 14. Bg5 h6 15. Bxf6 Qxf6 16. Qa4+
$16 {1-0 (80) Can,E (2442)-Abdel Razik,K (2468) Bursa 2010}) 9... Qb6 (9... Bd7
10. Re1+ (10. Ne5 cxd4) 10... Be7 11. dxc5 O-O 12. Be3 (12. cxd5 Nxd5 {[%csl
Rc5]}) 12... Ne4 13. cxd5 cxd5 14. c6 $16) 10. Nc3 {[%csl Rd5]} (10. Re1+ $5
Be6 (10... Be7 11. dxc5 Qxc5 12. b3 $18 {[%cal Gc1a3]}) 11. Nc3 {would
transpose.}) 10... Be6 11. Re1 {[%csl Rd5]} Be7 12. cxd5 Nxd5 13. Nxd5 ({
White had a better option which would have won him a pawn directly} 13. Bg5
$142 $1 Nxc3 $8 14. bxc3 Bxg5 15. Rab1 Qc7 16. Nxg5 O-O 17. Nxe6 fxe6 18. dxc5
$16) 13... Bxd5 14. dxc5 Qxc5 15. Bg5 (15. Qh4 $5 f6 (15... Bxf3 16. gxf3 $14)
16. Qh5+ {[%cal Gh5c5]} g6 17. Qh6 Kf7 18. Bd2 Bxf3 19. gxf3 $14) 15... f6 16.
Be3 $6 (16. Rac1 $142 Qb5 (16... Qd6 17. Nd4 $18) 17. Qa3 Qb7 18. Bd2 Kf7 19.
Qd3 {[%cal Gd3f5,Gf3g5]} Qd7 $14 {White is slightly better but not much as
compared to some of the previous variations.} (19... Bxa2 20. Qf5 $36)) 16...
Qb4 17. Qc2 {[%csl Rc6][%cal Rf7f6]} O-O (17... Bxf3 $2 18. Bc5 {[%csl Gb4,Re7]
} Qg4 19. Rxe7+ Kd8 (19... Kf8 20. Re4+) 20. Qd3+ Kc8 21. Qxf3 $18) 18. Nd4 {
[%cal Gd4c6,Gd4f5]} Rfc8 (18... Bd6 $142 19. Rac1 (19. Nxc6 $2 Qg4) 19... Rfe8
20. a3 Qb7 21. Nf5 Be5 {[%csl Rb2]} 22. Bd4 (22. b4 Qf7 $15 {[%cal Gf7g6]})
22... Bf4 23. Be3 $11) (18... c5 19. Nf5 $14) 19. a3 Qd6 $2 {This allows White
to win a pawn after a nearly forced sequence. Can you spot it?} (19... Qb7 $142
20. Nf5 Bf8 21. Bc5 {[%csl Rd6][%cal Gf8e7,Ge1e7]} Qb3 22. Qxb3 Bxb3 23. Rac1
Bd5 {[%cal Ga6a5] with a very tiny edge for White, but closer to equality.}) (
19... Qc4 20. Qxc4 Bxc4 21. Rac1 Bd5 22. Nf5 (22. Bf4) 22... Bf8 23. Bc5 a5 $11
) 20. Nf5 Qd7 (20... Qc7 21. Bb6 $18 {[%cal Gf5e7,Ge7c8]}) 21. Bh6 $1 Bf8 $8
22. Bxg7 $1 Be6 $8 (22... Bxg7 23. Re7 $18) 23. Nd4 $1 {The final piece in
this puzzle!} Qxd4 24. Bxf8 Qc4 25. Rac1 Qxc2 26. Rxc2 Re8 (26... Kxf8 27. Rxe6
$18 {[%csl Rc6,Rf6]}) (26... Rxf8 27. Rxe6 $18 {[%csl Rc6]}) (26... Bd5 27. Bc5
Re8 28. Rce2 {similar to the game.}) 27. Rce2 Kf7 28. Bc5 $16 Bc4 29. Re7+ Rxe7
30. Rxe7+ Kg6 {[%csl Ga3,Ra6,Gb2,Rc6,Gf2,Rf6,Gg2,Gh2,Rh7] The opposite
coloured bishops will naturally create some technical difficulties for White
to convert his extra pawn, but with the rooks on the board and Black's bunch
of isolated pawns the winning chances are, practically speaking, good.} 31. Rd7
Re8 32. Be7 Kf7 33. Bb4+ Kg6 34. Be7 a5 35. f3 a4 36. h3 h5 37. Kh2 Bd5 38. Kg3
$6 (38. Ra7 $16 Bb3 39. Kg1) 38... Kf7 $6 {Black misses a chance to make
White's win difficult.} (38... Kf5 $142 $1 {[%cal Gf5e6]} 39. Bc5 (39. Ra7 Rg8+
40. Kf2 Rg7 {[%cal Gf5e6]}) 39... Re2 40. Bd4 h4+ 41. Kxh4 Rxg2 $14) 39. Bb4+
Kg6 40. Be7 Kf7 41. Bb4+ Kg6 42. Kf2 Bc4 43. Rd2 Re6 44. Bc3 Bd5 (44... Kf5 45.
Kg3 $16) 45. Rd4 Bb3 46. Rf4 Kg5 47. Kg3 c5 48. Bd2 Kg6 49. Kf2 f5 50. Rh4 Rd6
51. Be3 Rd5 (51... Rd1 $5 52. Bxc5 Rd2+ 53. Kg3 Rxb2 54. Rd4 Rc2 55. Rd6+ Kf7
56. Bb4 h4+ $14) 52. Kg3 Re5 53. Kf4 Rd5 54. g4 {After a lot of manoeuvring
White finally begins his progress, which is typical of positions with small
advantages.} fxg4 55. hxg4 hxg4 56. fxg4 c4 57. Rh8 Rd7 58. Rc8 Rf7+ 59. Kg3
Rf1 60. Rc6+ Rf6 61. Rc7 Rf7 62. Rc8 Rf1 63. Bd4 Kf7 (63... Rf7 $2 64. Rc6+ Kh7
65. g5 $18) 64. Rc6 Rd1 65. Rf6+ Ke7 66. Rf4 {White has used his extra pawn
well to create potential threats to the black king in the corner, thus pulling
it out and then cutting it off.} Ke6 {[%cal Gf4f8]} 67. Bc3 Kd5 (67... Rh1 68.
Kg2 (68. Rf6+ Kd5 69. Kg2 Rh4) 68... Rh6 69. g5 Rh5 70. Rf6+ Kd5 71. Bd2 $16 {
[%cal Gg2g3]} (71. g6 Rg5+ 72. Kf3 Bc2)) 68. Rf5+ Ke6 69. Rf6+ Kd5 (69... Ke7
70. g5 Rg1+ 71. Kh4 Bc2 $16) 70. Kf2 $18 {[%cal Gf2g1,Gf6a6,Gg4g8]} Bc2 71. g5
Rh1 72. Ra6 Rh2+ 73. Kg3 Rh1 74. Kg2 Rh4 75. Kf3 Bd1+ 76. Kf2 Rf4+ 77. Ke1 Bc2
78. g6 Rg4 79. g7 {[%csl Ra4][%cal Ga6a8]} 1-0

[Event "Al Ain op 4th"]
[Site "Al Ain"]
[Date "2015.12.26"]
[Round "4"]
[White "Onischuk, Vladimir"]
[Black "Wang, Hao"]
[Result "0-1"]
[WhiteElo "2612"]
[BlackElo "2707"]
[Annotator "Mokal,P"]
[PlyCount "116"]
[EventDate "2015.12.23"]
[EventType "swiss"]
[EventRounds "9"]
[EventCountry "UAE"]
[SourceTitle "CBM 170"]
[Source "ChessBase"]
[SourceDate "2016.01.15"]
[SourceVersion "1"]
[SourceVersionDate "2016.01.15"]
[SourceQuality "1"]

{Wang Hao described this as his best game of the tournament. Let us have a
look...} 1. e4 e6 2. d4 d5 3. Bd3 {This line is rarely seen at the top level.
Carlsen tried it once in a blitz game in 2012. It may seem that White is a
little bit unambitious but Onischuk has scored a few victories with it, so it
is not without its venom. One of the main ideas is revealed after...} dxe4 4.
Bxe4 Nf6 5. Bf3 {. White does not claim to be better but rather just wants to
have a pleasant position with the B eyeing b7 and maintaining pressure on the
h1-a8/^ like the Catalan. But the problem is that the same B has taken away
the natural developing square of the g1-N, and it has also wasted a tempo on
its route to f3.  Now unless Black wants to remain passive for the rest of the
game, he has two plans here to challenge White's centre, either...e5 or ...c5.}
Nbd7 {Wang Hao aims for the ...e5 plan.} ({The alternate plan that has been
played more often is} 5... c5 {. It was also Grischuk's reply against Carlsen
in their blitz game. It went} 6. Ne2 cxd4 7. Qxd4 Nbd7 8. Nbc3 Bc5 9. Qf4 Qe7
10. O-O Bd6 11. Qh4 Ne5 12. Bg5 h6 13. Be4 O-O 14. Bxf6 Qxf6 15. Qxf6 gxf6 16.
Rad1 Be7 $11 {0-1 Carlsen,M (2837)-Grischuk,A (2763)/Astana 2012/CBM 149 Extra
(51). And Black, who had already equalised, went on to win the game after 51
moves.}) 6. Ne2 e5 7. Nbc3 Bd6 8. Be3 ({Black equalised comfortably after} 8.
Bg5 h6 9. Bxf6 Qxf6 (9... Nxf6 $5) 10. Ne4 Qg6 11. N2g3 O-O (11... exd4 $5) 12.
Bh5 Qh7 13. Nxd6 cxd6 14. dxe5 dxe5 15. O-O Nf6 16. Be2 Be6 $11 {1/2-1/2 Susak,
Z (2196)-Brumen,D (2356)/Bol 2015}) (8. d5 O-O 9. Ng3 Bb4 $132 {0-1 Pardo
Simon,D (2388)-Delgado Ramos,H (2488)/Barcelona 2011}) 8... O-O 9. d5 {White,
if he wanted to play this, had to do it before castling.} ({Since} 9. O-O Re8
10. d5 $2 e4 $19) 9... Nb6 ({If} 9... Re8 {then} 10. Ng3 {will cover the
e4-square.}) 10. h3 ({Onischuk was probably worried about parting with one of
his Bs for a N after} 10. O-O Ng4 {but this may be better than the game
continuation.}) 10... Bf5 {[%csl Rd5][%cal Gb6d5,Gb6c4,Gf6d5,Gf6e4,Ge5e4,Gd6b4]
Black's pieces already look well coordinated. The Ns are targeting d5, one of
them is ready to go to c4, the other one is supporting the ...e4 push. The
light squared B also supports the same pawn push while the B on d6 can go to
b4 to eliminate a defender of the d5-pawn.} 11. g4 {It is hard to suggest
anything for White. It is clear that the opening battle has been won by Black.
Either it was move number eight where an improvement needed to be found, or
else it was move number three!} (11. O-O $2 e4 $17) (11. Ng3 Bg6 12. O-O Bb4
$15) 11... e4 12. Bg2 (12. gxf5 $2 exf3 13. Nd4 Bb4 $17 (13... Nbxd5 $17))
12... Bg6 13. Bg5 (13. O-O {loses a pawn to} Nbxd5 {[%csl Rd5][%cal Gd6h2] due
to the elementary tactic.}) 13... Re8 14. O-O h6 15. Bh4 Bh7 {Prophylaxis.} ({
Avoiding simplification after} 15... Bc5 16. Nf4 Bh7 17. Nh5) 16. Re1 ({
White could temporarily save his pawn with} 16. Qd2 Qe7 17. Rad1 {but after
something like} Rad8 {[%csl Rd5][%cal Gd6c5,Gc5b4] Black is getting ready to
pressurise the same point again.}) 16... Bc5 {Getting ready to capture on d5
after ...g5 and at the same time preparing to play ...e3 if required.} 17. Nd4
(17. a3 a5 {does not change much.}) 17... g5 18. Bg3 Nbxd5 {Black has won a
pawn but the job is not done until either his e4-pawn is safe or something
else is targetted in return.} 19. Nb3 Bf8 20. Qd4 Nb4 {Another multi-purpose
move, saving e4 and targetting c2.} (20... c6 $5 21. Nxe4 Nxe4 22. Bxe4 Bxe4
23. Rxe4 Bg7 24. Rxe8+ Qxe8 25. Qd3 Bxb2 $17) 21. Re2 c6 22. Be5 (22. Rd1 Qxd4
23. Rxd4 e3 $17 {[%cal Gb4c2]}) (22. a3 Qxd4 (22... Nbd5 $5) 23. Nxd4 Nbd5 24.
Nxd5 Nxd5 25. Rae1 Nf6 $17) 22... Qxd4 23. Bxd4 Nfd5 24. Bxe4 (24. a3 Nxc3 25.
Bxc3 Nd5 $17) (24. Nxe4 Nxc2 25. Rxc2 Bxe4 26. Bxe4 Rxe4 $17) 24... Bxe4 25.
Nxe4 (25. Rxe4 Rxe4 26. Nxe4 Nxc2 $17) 25... Nxc2 26. Rd1 (26. Rxc2 Rxe4 $17)
26... Nxd4 27. Nxd4 {[%cal Gd4f5] Now White is ready to establish a N on f5.
Surprisingly, Wang Hao finds a very curious way to use it for his own benefit.}
Kh7 28. Nf5 Kg6 29. f3 h5 $1 {[%csl Rf5,Rh3][%cal Gh5h4,Gd5f4,Gf4h3] This is
the point. Black pushes his pawn to h4 so that the white pawn on h3 will
become a nice, juicy target for his N, whenever it proceeds from d5 to f4.} 30.
Red2 (30. h4 Rad8 $5 31. hxg5 $140 (31. Rde1 Nf4 $17) 31... Nc3 $1 $17 {
[%csl Rd1,Re2][%cal Gc3e2,Gd8d1,Ge8e2]}) 30... h4 31. Kf2 Re5 32. a3 a5 33. Ne3
Nf4 {[%csl Rh3,Gh4][%cal Gf4h3,Gh6h5,Gh5h4] Time to reap the rewards of
foresight!} 34. Nc4 Rd5 35. Nb6 Rxd2+ 36. Rxd2 Re8 37. Nd7 Nxh3+ {The rest is
a formality, though with a tricky piece like the knight on the board, it does
require some accuracy...} 38. Ke3 Nf4 39. Nxf8+ Rxf8 40. Rd6+ f6 41. Kf2 Nd5
42. Rd7 f5 43. Rd6+ Nf6 44. Nc5 Rf7 45. Kg2 Re7 46. b4 axb4 47. axb4 fxg4 48.
fxg4 Kf7 49. Kf3 b6 50. Nd3 Nd5 $1 51. Kf2 (51. Rxc6 Re3+ $19) 51... Re6 52.
Rxc6 Rxc6 53. Ne5+ Ke6 54. Nxc6 Kd6 55. Nd8 Ke5 {[%cal Ge5f4] The simplest.} (
55... Nxb4 56. Nf7+ Kd5 57. Nxg5 $17) 56. Kf3 Nxb4 57. Nf7+ Kf6 58. Nd6 Nc6 0-1

[Event "Bundesliga 0304"]
[Site "Germany"]
[Date "2004.04.24"]
[Round "14.7"]
[White "Skripchenko, Almira"]
[Black "Vaganian, Rafael A"]
[Result "0-1"]
[WhiteElo "2460"]
[BlackElo "2623"]
[Annotator "Mueller,Karsten"]
[PlyCount "156"]
[EventDate "2003.11.01"]
[EventType "team-tourn"]
[EventRounds "15"]
[EventCountry "GER"]
[SourceTitle "CBM 101"]
[Source "ChessBase"]
[SourceDate "2004.07.27"]
[SourceVersion "1"]
[SourceVersionDate "2004.07.27"]
[SourceQuality "1"]
[WhiteTeam "Werder Bremen"]
[BlackTeam "Porz"]
[WhiteTeamCountry "GER"]
[BlackTeamCountry "GER"]

1. e4 e6 2. d4 d5 3. exd5 exd5 4. Nf3 Nf6 5. Bg5 Be6 6. Nbd2 Nbd7 7. Bd3 h6 8.
Bh4 g5 9. Bg3 Nh5 10. c3 Bg7 11. Qc2 Nxg3 12. hxg3 Qf6 13. Nf1 O-O-O 14. Ne3
Kb8 15. Bf5 h5 16. O-O-O g4 17. Nh4 Bh6 18. Kb1 Rde8 19. Bd3 Bxe3 20. fxe3 Nb6
21. Rdf1 Qe7 22. Rf4 Nc8 23. e4 dxe4 24. Rxe4 Qd6 25. Rf4 Re7 26. Rd1 Rhe8 27.
c4 c5 28. Qf2 cxd4 29. Rxd4 Qc7 30. Qf4 Nb6 31. b3 Rd7 32. Bc2 Red8 33. Rxd7
Rxd7 34. Re1 Kc8 35. Qxc7+ Kxc7 36. Re5 Rd2 37. Rxh5 Re2 38. Rg5 Nd7 39. Kc1 b6
40. Rg7 Rf2 41. Rg5 a5 42. a3 f6 43. Rg7 Kd6 44. Kd1 a4 45. bxa4 Ne5 46. Be4
Nxc4 47. Ke1 Ra2 48. Bf5 Ne3 49. Bxe6 Kxe6 50. Rb7 Nd5 51. Ng6 Kf5 52. Ne7+
Nxe7 53. Rxe7 Rxa3 54. Rb7 Rxg3 55. Kf2 Rb3 56. a5 b5 57. a6 Kf4 58. a7 Rb2+
59. Kf1 Ra2 60. Rxb5 Kg3 61. Rb3+ Kh2 62. g3 $2 (62. Rb7 {would have saved
White. hätte Weiß gerettet:} Ra1+ 63. Kf2 g3+ 64. Kf3 Ra3+ 65. Kg4 Kxg2 (65...
f5+ 66. Kxf5 Kxg2 67. Ke4 Kh2 (67... Kf2 68. Rb2+ Kg1 69. Rb3 $11) 68. Kf4 g2
69. Rh7+ Kg1 70. Rb7 Kf2 71. Rb2+ Kf1 72. Rb1+ $11) 66. Rb2+ Kg1 67. a8=Q f5+
68. Kh3 Rxa8 69. Kxg3 $11) 62... Rxa7 63. Rb6 ({Waiting passively is also of
little use: Passives Abwarten hilft auch nicht:} 63. Rc3 Ra1+ 64. Kf2 Ra2+ 65.
Kf1 f5 66. Rb3 f4 67. gxf4 g3 $19) 63... Kxg3 64. Rxf6 Ra1+ 65. Ke2 Kg2 66. Rg6
g3 67. Rg8 Ra3 68. Rg7 Kg1 69. Rg8 g2 70. Rh8 Ra2+ 71. Ke1 {Next comes the win
known as the Lucena position or bridge building: nun folgt der Gewinn nach
Lucena auch Brückenbau genannt:} Ra7 72. Ke2 Re7+ 73. Kd2 (73. Kf3 Kf1 $19)
73... Re5 {the rook will build the bridge. der Turm soll die Brücke bilden.} (
73... Kf2 $6 74. Rf8+ Kg3 75. Rg8+ {doesn't help Black. bringt Schwarz nicht
weiter.}) 74. Rh7 Kf2 75. Rf7+ Kg3 76. Rg7+ Kf3 77. Kd3 (77. Rf7+ Kg4 78. Rg7+
Rg5 {and the bridge has been completed. und die Brücke ist fertig.}) 77... Rd5+
78. Kc2 Rd4 0-1

[Event "Olympiad-30"]
[Site "Manila"]
[Date "1992.06.22"]
[Round "13.1"]
[White "Aturupane, Harinlal"]
[Black "Martin, Benjamin"]
[Result "0-1"]
[WhiteElo "2340"]
[BlackElo "2320"]
[Annotator "Pein,M"]
[PlyCount "64"]
[EventDate "1992.06.08"]
[EventType "team-swiss"]
[EventRounds "14"]
[EventCountry "PHI"]
[SourceTitle "CBM 030"]
[Source "ChessBase"]
[SourceDate "1992.10.01"]
[SourceVersion "1"]
[SourceVersionDate "1992.10.01"]
[SourceQuality "1"]
[WhiteTeam "Sri Lanka"]
[BlackTeam "New Zealand"]
[WhiteTeamCountry "SRI"]
[BlackTeamCountry "NZL"]

1. e4 e6 2. d4 d5 3. exd5 exd5 4. Nc3 Bb4 5. Bb5+ $6 c6 6. Bd3 Ne7 7. Qf3 Nd7
8. Bg5 Nf8 9. Nge2 Ne6 10. Bd2 O-O 11. a3 Bd6 12. Nd1 Bd7 13. c3 Qc7 14. h4 {
<M> White makes all the running in this game but he should have played Ne3
first to keep Black guessing for one more move <D>} Rae8 15. Ne3 c5 16. Qh5 f5
17. Kf1 Qb6 {<M> Now White's position is falling apart so he must go 'all in'
<D>} 18. g4 cxd4 {<M> Now 19.gxf5 would have led to crazy complications, the
players were already consuming a lot of time. <D>} (18... g6 $6 19. Qh6 cxd4
20. h5 dxe3 (20... gxh5 21. gxf5 dxe3 22. Bxe3 $18) 21. gxf5 exd2 22. hxg6 $18)
19. Nxf5 (19. gxf5 dxe3 (19... dxe3 20. fxe6 g6 21. exd7 gxh5 22. dxe8=Q Rxe8
23. Bxe3 Bc5 24. Rg1+ Kh8 $19) 20. fxe6 Rxf2+ 21. Kg1 g6 22. exd7 Ref8 $1 $19 (
22... exd2 23. dxe8=Q+ Rf8+ 24. Nd4 Rxe8)) 19... g6 20. Nxe7+ (20. Nh6+ Kg7 $19
) (20. Qh6 gxf5 $1 (20... Nxf5 21. gxf5 Bb5 22. fxg6) 21. gxf5 Nxf5 $19 {
<M> x g7 <D>}) 20... Rxe7 21. Qh6 dxc3 {<M> Now Black wins but the players
were down to their last couple of minutes <D>} 22. Be3 d4 23. Bg5 Ref7 24. h5
Rxf2+ 25. Ke1 cxb2 $2 (25... Rxe2+ $1 26. Bxe2 Bg3+ 27. Kd1 Ba4+ 28. Kc1 Qxb2#)
26. Rb1 Nxg5 27. Qxg5 Qc5 {<M> With flags hanging Black plays safe <D>} 28. Qh6
Bg3 29. hxg6 Rxe2+ 30. Kxe2 Rf2+ 31. Ke1 Qa5+ 32. Kd1 Ba4+ {<M> [#] Thanks to
the players for their comments <D>} 0-1

[Event "FRA-chT poule haute"]
[Site "France"]
[Date "2003.05.09"]
[Round "10.2"]
[White "Miralles, Gilles"]
[Black "Pelletier, Yannick"]
[Result "0-1"]
[WhiteElo "2450"]
[BlackElo "2623"]
[Annotator "Pelletier,Y"]
[PlyCount "60"]
[EventDate "2003.05.07"]
[EventType "team"]
[EventRounds "4"]
[EventCountry "FRA"]
[SourceTitle "CBM 095"]
[Source "ChessBase"]
[SourceDate "2003.07.25"]
[SourceVersion "1"]
[SourceVersionDate "2003.07.25"]
[SourceQuality "1"]
[WhiteTeam "Monaco"]
[BlackTeam "Mulhouse"]
[WhiteTeamCountry "FRA"]
[BlackTeamCountry "FRA"]

1. e4 e6 2. d4 d5 3. Nd2 Be7 4. c3 c5 5. exd5 exd5 6. Ngf3 Nc6 7. dxc5 Bxc5 8.
Bd3 Nf6 9. O-O O-O 10. Nb3 Bb6 11. Bg5 h6 12. Bh4 g5 13. Bg3 Ne4 {Dieses Thema
ist wohl bekannt. Schwarz drückt auf f2 und versucht auch, den Bg3 zu erobern.}
14. Nfd4 f5 {[%csl Rg3]} 15. Nxc6 bxc6 16. Be5 {Diese weisse Ressource hatte
ich unterschätzt, und ich fiel hier in eine Meditation von ca. 50 Minuten.
Schliesslich fand ich den besten Plan.} c5 $1 (16... Qe7 17. Bd4 c5 $140 $2 18.
Bxe4 dxe4 19. Bxc5 $1 {[%cal Gd1d5]}) (16... Re8 17. Bd4 c5 18. Bxe4 cxd4 19.
Bd3 (19. Bf3) 19... dxc3 20. bxc3 Qf6 21. Nd4 $5 {[%csl Rg8]}) (16... f4 17.
Bd4 g4 (17... f3 18. gxf3) 18. f3 Ng5 19. fxg4) 17. c4 {Der Ausflug der weisse
Dame nach h5 stellt nie eine Gefahr dar.} Be6 (17... Ba6 18. Qc2) 18. Qe2 (18.
Qc2 Qe7 19. Rfe1 $140 Qf7) (18. Qh5 Kh7) 18... Qe7 {[%cal Ge8e1]} 19. Rad1 ({
Hier oder im nächsten Zug musste Weiss unbedingt den starken Springer
vertreiben. Nach} 19. f3 Nd6 20. Nd2 Rfe8 21. Rfe1 {kann Schwarz neben 21...
Rad8 auch} Ba5 $5 22. Bc3 Bxc3 23. bxc3 Qf7 $13 {versuchen}) (19. cxd5 $6 {
ist schwächer wegen} Bxd5 20. Bc3 Qf7 21. Nd2 $6 (21. Bxe4 fxe4 $5) 21... Nxc3
22. bxc3 Rfe8 $36 {/\c4}) 19... Rad8 (19... Bf7 20. f4 Qe8 21. g4) (19... Qf7
20. f3 dxc4 21. Bxe4 fxe4 22. fxe4 Qg6 23. Nd2) 20. Bc3 $2 {(=)} (20. f3 Nd6 {
war nun Pflicht, während}) (20. cxd5 $6 Bxd5 21. Bc4 $140 $2 {an} Qxe5 22. Rxd5
Rxd5 23. Rd1 Rfd8 24. f3 Kh7 $19 {scheitert.}) 20... d4 21. Bxe4 fxe4 22. Qxe4
Qf7 {Weiss verliert nun Material.} 23. Bd2 Bxc4 {[%csl Rf2]} 24. Rfe1 Bd5 25.
Qg4 (25. Qe2 Rde8 26. Qf1 Bc4 {[%csl Rf1]}) 25... Qxf2+ 26. Kh1 Rde8 27. Rg1 c4
28. Nxd4 (28. Bxg5 Qf5) (28. Qh5 Qf7) 28... Qxd4 29. Qh5 (29. Qxd4 Bxd4 30. Bb4
Bxg1) 29... Qf6 30. Bc3 Bf7 0-1

[Event "CRO-ch 6th"]
[Site "Pula"]
[Date "1998.01.11"]
[Round "3"]
[White "Sale, Srdjan"]
[Black "Dizdar, Goran"]
[Result "0-1"]
[WhiteElo "2415"]
[BlackElo "2530"]
[Annotator "Petursson,M"]
[PlyCount "56"]
[EventDate "1998.01.09"]
[EventType "tourn"]
[EventRounds "13"]
[EventCountry "CRO"]
[EventCategory "9"]
[SourceTitle "CBM 064"]
[Source "ChessBase"]
[SourceDate "1998.06.02"]
[SourceVersion "1"]
[SourceVersionDate "1998.06.02"]
[SourceQuality "1"]

1. e4 e6 2. d4 d5 3. exd5 exd5 4. Nf3 Nf6 5. Bd3 Bg4 6. O-O Be7 7. Nbd2 O-O 8.
Re1 c5 9. dxc5 Bxc5 10. Nb3 Bb6 11. Be3 Nc6 12. c3 Re8 13. Bxb6 Qxb6 14. Be2 a5
15. Qc2 Ne4 16. Rf1 Rac8 17. a4 h6 18. Qd1 Nd6 19. Re1 {[%tqu "En","Can you
find a way to weaken the defense around the white king?","Find a way to give
him a doubled pawn!","Take that knight!","g4f3","",12]} Bxf3 $1 20. gxf3 Rcd8
$15 21. Rb1 Re5 $1 22. Nc1 Rg5+ 23. Kf1 Rh5 24. Kg1 {[%tqu "En","Can you find
a winning move for Black in this position?","You want to get your heavy pieces
close to his king!  Attack him on the dark squares!","Sacrifice your rooks!",
"h5h2","",17]} Rxh2 $1 25. Kxh2 $2 (25. Nd3 Rh4 $17) 25... Qxf2+ {WHITE
RESIGNED because he cannot stop mate in two three moves:} 26. Kh1 (26. Kh3 Nf5
27. Kg4 Qg3+ 28. Kxf5 Qg5#) 26... Nf5 27. Rg1 Qh4+ 28. Kg2 Ne3# 0-1